000 01110nam a22002657a 4500
003 BD-DhSAU
005 20190101130527.0
008 160718b201 bg ||||| |||| 001 0 eng d
040 _aBD-DhSAU
082 _222
_a581.15
_bP2811
100 _aPaul , Sumana
_eRegistration No # 10-04197
245 _aGenetic diversity of Blackgram (Vigna mungo L.) /
_c Paul , Sumana
_bMs Thesis
260 _aSher-e-Bangla Agricultural University :
_bDepartment of Genetics and Plant Breeding,
_c2016.
300 _aix, 78 p. :
_bill. ;
_c30 cm.
500 _aMS thesis of Department of Genetics and Plant Breeding, Faculty of Agriculture, Sher-e-Bangla Agricultural University, Dhaka, Bangladesh
504 _aIncludes bibliographical references.
590 _ashofi
650 _aGenetics and Plant Breeding
650 _aGenetic diversity
650 _a Blackgram (Vigna mungo L.)
700 _aIslam , Mohammad Saiful
_eSuperviser
700 _aHossain , Md. Sarowar
_eCo-superviser
856 _uhttp://archive.saulibrary.edu.bd:8080/xmlui/handle/123456789/1164
_yOnline Access
942 _2ddc
_cTHESIS
999 _c14096
_d14095